My Chemical Romance Charting Songs (Billboard Hot 100) - Statistics

General Stats
  • This quiz has been taken 239 times
  • The average score is 7 of 9
Answer Stats
Album Weeks On Peak Artist(s) Song % Correct
The Black Parade 26 Weeks #9 My Chemical Romance Welcome to the Black Parade
99%
Three Cheers for Sweet Revenge 16 Weeks #33 My Chemical Romance Helena (So Long & Goodnight)
97%
Danger Days: The True Lives of the Fabulous Killjoys 1 Week #77 My Chemical Romance Na Na Na (Na Na Na Na Na Na Na Na Na)
96%
The Black Parade 20 Weeks #67 My Chemical Romance Teenagers
87%
Danger Days: The True Lives of the Fabulous Killjoys 17 Weeks #58 My Chemical Romance Sing
68%
Three Cheers for Sweet Revenge 1 Week #84 My Chemical Romance The Ghost of You
65%
The Black Parade 7 Weeks #88 My Chemical Romance Famous Last Words
62%
Three Cheers for Sweet Revenge 6 Weeks #86 My Chemical Romance I'm Not Okay (I Promise)
61%
In Love and Death 3 Weeks #41 The Used and My Chemical Romance Under Pressure
59%
No matching quizzes found
Score Distribution
Percent of People with Each Score
Percentile by Number Answered
Your Score History
You have not taken this quiz